000 00573nam a22001817a 4500
005 20251108164305.0
008 250721s1989 xx 000 0 ara d
082 1 4 _a629.25/أحم
100 1 _aناصيف، أحمد
245 1 0 _aمجموعات نقل الحركة في السيارات :
_bأسئلة و أجوبة /
264 1 _aدمشق :
_bدار الكتاب العربي،
_c1989.
300 _a218ص
490 0 _aالسلسلة العلمية المبسطة
650 1 7 _aالسيارات
650 1 7 _aالمحركات
942 _2ddc
_cBK
999 _c8483
_d8483